Ethnic identity groups and U.S. foreign policy /

Bibliographic Details
Corporate Author: NetLibrary, Inc
Other Authors: Ambrosio, Thomas, 1971-
Format: eBook
Language:English
Published: Westport, Conn. : Praeger, 2002.
Subjects:
Online Access:Connect to the full text of this electronic book

MARC

Tag First Indicator Second Indicator Subfields
LEADER 00000cam a2200000Ia 4500
001 in00002000507
005 20220105141423.0
006 m d
007 cr cn-
008 030730s2002 ctu sb 001 0 eng
020 |a 0313012253 (electronic bk.) 
035 |a (OCoLC)ocm52755407 
040 |a N$T  |c N$T  |d UtOrBLW 
043 |a n-us--- 
049 |a IKMN 
050 1 4 |a JZ1480  |b .E87 2002eb 
082 0 4 |a 327.73  |2 22 
245 0 0 |a Ethnic identity groups and U.S. foreign policy /  |c edited by Thomas Ambrosio. 
246 3 |a Ethnic identity groups and United States foreign policy 
264 1 |a Westport, Conn. :  |b Praeger,  |c 2002. 
300 |a viii, 232 pages 
336 |a text  |b txt  |2 rdacontent 
337 |a computer  |b c  |2 rdamedia 
338 |a online resource  |b cr  |2 rdacarrier 
504 |a Includes bibliographical references (pages [217]-223) and index. 
505 0 |a Ethnic identity groups and U.S. foreign policy / Thomas Ambrosio -- Anglo-Saxonism and U.S. foreign policy during the Spanish-American War / Paul McCartney -- White mischief : U.S. support for apartheid, 1948-1961 / Catherine V. Scott -- Identity, African-Americans, and U.S. foreign policy : differing reactions to South African apartheid and the Rwandan genocide / Fran Scott and Abdullah Osman -- Serbian-American mobilization and lobbying : the relevance of Jasenovac and Kosovo to contemporary grassroots efforts in the United States / Rachel Paul -- Latinos and Latin America : a unified agenda? / Michael Jones-Correa -- Asian-Americans and U.S.-Asia relations / Paul Y. Watanabe -- Entangling alliances : the Turkish-Israeli lobbying partnership and its unintended consequences / Thomas Ambrosio -- Peace as a three-level game : the role of diasporas in conflict resolution / Yossi Shain and Tamara Cofman Wittes -- Legitimate influence or parochial capture? Conclusions on ethnic identity groups and the formulation of U.S. foreign policy / Thomas Ambrosio. 
533 |a Electronic reproduction.  |b Boulder, Colo. :  |c NetLibrary,  |d 2003.  |n Available via World Wide Web.  |n Access may be limited to NetLibrary affiliated libraries. 
500 |a Electronic resource. 
650 0 |a Minorities  |x Political activity  |z United States.  |0 http://id.loc.gov/authorities/subjects/sh2008107386 
650 0 |a Pressure groups  |z United States.  |0 http://id.loc.gov/authorities/subjects/sh2005001985 
651 0 |a United States  |x Foreign relations.  |0 http://id.loc.gov/authorities/subjects/sh85140058 
651 0 |a United States  |x Ethnic relations.  |0 http://id.loc.gov/authorities/subjects/sh85140043 
655 7 |a Electronic books.  |2 local 
700 1 |a Ambrosio, Thomas,  |d 1971-  |0 http://id.loc.gov/authorities/names/n00111454 
710 2 |a NetLibrary, Inc.  |0 http://id.loc.gov/authorities/names/no99080690 
776 1 |c Original  |z 0275975320  |z 0275975339  |w (DLC) 2002070960  |w (OCoLC)49711978 
856 4 1 |u https://proxy.library.tamu.edu/login?url=http://www.netLibrary.com/urlapi.asp?action=summary&v=1&bookid=85890  |z Connect to the full text of this electronic book  |t 0 
994 |a 92  |b IKM 
999 |a MARS 
999 f f |s 32a69dee-33f0-3108-ae62-12e3639feac6  |i 9068ad70-0e14-3804-9d85-e76c46aa877f  |t 0 
952 f f |a Texas A&M University  |b College Station  |c Electronic Resources  |d Available Online  |t 0  |e JZ1480 .E87 2002eb  |h Library of Congress classification 
998 f f |a JZ1480 .E87 2002eb  |t 0  |l Available Online